000 00499nam a2200169Ia 4500
005 20250508151900.0
008 008 250505s9999 xx 000 0 eng d
037 _aBooks to be hide in OPAC
040 _aFEDL
_beng
_cFEDL
041 _aeng
_2eng
084 _a372, AJM/O
_qFEDL
245 0 _aCurriculum for junior high school classes VI, VII and VIII for boys and girls Uttar Pradesh
260 _c1955
300 _a84p.
942 _cHB
_h372, AJM/O
999 _c1332689
_d1332689